Affrontez l'Alphabet #16 - Statistiques

Statistiques générales
  • Ce quiz a été pris 87 fois
  • Le résultat moyen est 6 sur 11
Statistiques - réponses
Hint Réponse % Correct
Donne les 2 lettres manquantes dans le nom du 6e album studio du groupe de hard rock australien, AC/DC : Highway to _ _ll HE
100%
Donne les 2 lettres manquantes dans le nom du club de Hockey sur glace français le plus titré en championnat de France : _ha_onix CM
97%
Donne les 2 lettres manquantes dans le nom de la gagnante de la saison 6 de Secret Story en France : Nadège _acroi_ LX
90%
Donne les 2 lettres manquantes dans le nom du deuxième album de la bande dessinée Astérix, publié en 1962 : La Ser_e d'_r PO
90%
Donne les 2 lettres manquantes dans le nom du personnage joué par Thierry Lhermitte dans le film Le Dîner de Cons : Pierre _ _ochant BR
70%
Donne les 2 lettres manquantes dans la traduction de courgette en anglais : _ _cchini ZU
57%
Donne les 2 lettres manquantes dans le nom de la présidente de la république fédérative du Brésil du 1er janvier 2011 au 31 août 2016 : _ilma Roussef_ DF
38%
Donne les 2 lettres manquantes dans le nom de la locution latine signifiant « Ici finit le monde. » : Ibi defici_ orb_s TI
36%
Donne les 2 lettres manquantes dans le nom de la mouvance conspirationniste d'extrême droite venue des États-Unis, regroupant les promoteurs de théories du complot selon lesquelles une guerre secrète a lieu entre Donald Trump et des élites implantées dans le gouvernement (l'État profond ou Deep State), les milieux financiers et les médias, qui commettraient des crimes pédophiles, cannibales et sataniques : _ _ non QA
18%
Donne les 2 lettres manquantes dans le nom du premier roman de Victor Hugo : Bu_-_argal GJ
11%
Dernière Question : Donne la lettre qui est en 1ere et dernière position dans le nom de cette série télévisée diffusée de 1973 à 1978 sur le réseau CBS ?
K (KojaK)
10%
Aucun quiz correspondant
Distribution des résultats
% des personnes avec chaque résultat
Percentile par nombre de réponses
Votre historique - résultats
Vous n’avez pas pris ce quiz